000 01158nam a2200277 a 4500
001 2801
003 BD-RjUL
005 20211208233624.0
008 131217r19671960enk b 011 0 eng d
035 _a(BD-RjUL)2828
040 _aCSU
_dm.c
_beng
_cBD-RjUL
041 _aeng
082 _2331.0942
_bESS 1967
245 0 0 _aEssays in labour history :
_bin memory of G. D. H. Cole, 25 September 1889-14 January 1959 /
_cedited by Asa Briggs and John Saville ; with recollections of G. D. H. Cole by Ivor Brown ... [et al.]
260 _aLondon ;
_aNew York :
_bMacmillan :
_bSt. Martin's Press,
_cc1960 [Revised 1967]
300 _avii, 363 p. :
_bIll. ;
_c23 cm.
504 _aIncludes bibliographical footnotes and index.
600 1 0 _aCole, G. D. H.
_q(George Douglas Howard),
_d1889-1959.
_9221203
650 0 _aLabor movement
_zGreat Britain
_xHistory.
_98977
650 0 _aWorking class
_zGreat Britain.
_98978
_xHistory
650 0 _aLabor unions
_zGreat Britain.
_xHistory
_9221199
700 1 _aBriggs, Asa , ed.
_9221200
700 1 _aSaville, John,
_d1916-2009, jt. ed.
_9221201
700 1 _aBrown, Ivor ... [et al.], recollector
_9221202
942 _2ddc
_cBK
999 _c2801
_d2801